Capitali per altitudine - Africa - Statistics

Statistiche generali
  • Questo quiz è stato fatto 7 volte
  • Il punteggio medio è 6 su 10
Statistiche sulle risposte
Altitudine (m) Capitale % Corretto
1 567 Kigali
100%
2 355 Addis Abeba
86%
1 680 Nairobi
86%
1 271 Pretoria
71%
1 483 Harare
57%
1 288 Antananarivo
43%
2 325 Asmara
43%
1 672 Maseru
43%
1 504 Gitega
29%
1 721 Windhoek
29%
Nessun quiz corrispondente trovato
Distribuzione punteggi
Percentuale di utenti per punteggio
Percentile per numero di risposta
I tuoi punteggi nel tempo
Non hai fatto questo quiz